000 00841nam a2200265 a 4500
001 BRCA_4518
005 20190320204712.0
008 210910d1955----mx-#######---#000-0#spa-#
041 _aspa
044 _amx
050 4 _aHG5161
_b.B64 3 1955
245 1 0 _aComisión Nacional de Valores
_bfebrero de 1955.
260 _aMéxico
_bCultura
_c1955
300 _ap. 47-82
_c24 cm.
500 _aBoletín de la Comisión Nacional de Valores
500 _aVol. 2, No. 2 febrero, 1955
500 _aBoletín inventariado por Banco de México como libro
500 _aVer también AM50, CFG34, S103, S105 y S124
500 _aCFG36
610 2 4 _aComisión Nacional de Valores
_zMéxico
_911441
650 1 4 _aBolsa de valores
_zMéxico
_911442
650 1 4 _aBancos y operaciones bancarias
_zMéxico
_98161
902 _aGFM
942 _2lcc
_cB
999 _c4224
_d4224